Statistics for Franchises in Super Smash Bros. (N64)

Click here to take the quiz!

General Stats

  • This quiz has been taken 149 times
  • The average score is 9 of 10

Answer Stats

# of FightersFranchise% Correct
2Super Mario
100%
2Pokémon
96%
1The Legend of Zelda
92%
1F-Zero
90%
1Donkey Kong Country
89%
1Kirby’s Dreamland
89%
1Earthbound
88%
1Metroid
88%
1Starfox
86%
1Yoshi’s Island
85%

Score Distribution

Percentile by Number Answered

Percent of People with Each Score

Your Score History

You have not taken this quiz